| 000 | 00576nam a2200169 4500 | ||
|---|---|---|---|
| 001 | 108705 | ||
| 003 | ES-MaACL | ||
| 005 | 20240501063045.0 | ||
| 007 | t| | ||
| 008 | 061121q19001940fr r ||||1| fre d | ||
| 100 | 1 |
_aMontaigne, Michel de, _d1533-1592 _982329 |
|
| 245 | 1 | 0 |
_aEssais de Montaigne _b: Publies d'apres l'edition de 1588 avec variantes de 1595, une notice des notes et un glossaire-index / _cMichel de Montaigne. |
| 260 |
_aParĂs : _bFlammarion, _c[19__?] |
||
| 300 |
_a4 v. ; _c19 cm. |
||
| 852 |
_aES-MaACL _jD-4749-52 |
||
| 999 |
_c108705 _d108705 |
||